000 00690cam a2200241 4500
001 ABS64231
008 010726n2001 000 0 eng u
035 _a(Sirsi) u113821
245 _aFocus 2001: Cheshire
260 _c2001
490 _aEstates Gazette
_v(0127) 7 July 2001, 75-95(9)
590 _aABS
650 _aCHESHIRE
650 _aINDUSTRIAL MARKET
650 _aPROPERTY-COMMERCIAL PROPERTY-RETAIL PROPERTY-RETAIL PROPERTY MARKET
650 _aBUSINESS PARKS
650 _aCHESTER
650 _aOFFICE DEVELOPMENT
650 _aMACCLESFIELD
650 _aOUT OF TOWN SHOPPING
690 _aPROPERTY-COMMERCIAL PROPERTY-COMMERCIAL PROPERTY MARKET
942 _n0
999 _c67809
_d67809